[Event "Baku Chess Olympiad | Open"]
[Site "chess24.com"]
[Date "2016.09.12"]
[Round "10"]
[White "Maze, Sebastien"]
[Black "Zhao, Zong-Yuan"]
[Result "1-0"]
[Board "2"]
[WhiteID "613762"]
[WhiteElo "2617"]
[WhiteTitle "GM"]
[WhiteCountry "FRA"]
[WhiteFideId "613762"]
[WhiteEloChange "4"]
[BlackID "3202534"]
[BlackElo "2550"]
[BlackTitle "GM"]
[BlackCountry "AUS"]
[BlackFideId "3202534"]
[BlackEloChange "-4"]

1. e4 {[%clk 1:30:30]} c5 {[%clk 1:30:57]} 2. Nf3 {[%clk 1:30:25]} d6 {[%clk
1:31:21]} 3. Bb5+ {[%clk 1:30:50]} Nd7 {[%clk 1:31:46]} 4. c3 {[%clk 1:31:12]}
Nf6 {[%clk 1:31:59]} 5. Qe2 {[%clk 1:31:38]} a6 {[%clk 1:31:26]} 6. Ba4 {[%clk
1:32:03]} e5 {[%clk 1:31:00]} 7. O-O {[%clk 1:31:27]} Be7 {[%clk 1:30:55]} 8. d4
{[%clk 1:31:34]} b5 {[%clk 1:30:35]} 9. Bc2 {[%clk 1:31:18]} O-O {[%clk 1:31:00]}
10. Rd1 {[%clk 1:29:56]} Qc7 {[%clk 1:29:16]} 11. d5 {[%clk 1:30:09]} Re8 {[%clk
1:20:04]} 12. a4 {[%clk 1:29:16]} Rb8 {[%clk 1:19:47]} 13. b3 {[%clk 1:29:40]}
Nf8 {[%clk 1:17:56]} 14. Nbd2 {[%clk 1:12:57]} Ng6 {[%clk 1:15:05]} 15. g3 {[%clk
1:12:13]} Bd7 {[%clk 1:05:48]} 16. Nf1 {[%clk 1:10:22]} Bf8 {[%clk 1:01:23]} 17.
Bg5 {[%clk 1:07:05]} Be7 {[%clk 1:00:38]} 18. Ra2 {[%clk 1:06:49]} h6 {[%clk
1:00:40]} 19. Bd2 {[%clk 1:03:37]} Rec8 {[%clk 0:46:51]} 20. axb5 {[%clk
1:03:16]} axb5 {[%clk 0:47:19]} 21. Rda1 {[%clk 1:03:40]} Qd8 {[%clk 0:46:09]}
22. b4 {[%clk 0:55:20]} Ra8 {[%clk 0:35:37]} 23. bxc5 {[%clk 0:31:35]} dxc5
{[%clk 0:34:17]} 24. Qd1 {[%clk 0:30:51]} c4 {[%clk 0:25:39]} 25. Ne1 {[%clk
0:28:41]} Rxa2 {[%clk 0:17:54]} 26. Rxa2 {[%clk 0:29:10]} Ra8 {[%clk 0:17:42]}
27. Qa1 {[%clk 0:29:21]} Rxa2 {[%clk 0:18:06]} 28. Qxa2 {[%clk 0:29:49]} Bc5
{[%clk 0:16:46]} 29. Be3 {[%clk 0:30:09]} Qb6 {[%clk 0:13:13]} 30. Bxc5 {[%clk
0:29:23]} Qxc5 {[%clk 0:13:42]} 31. Ne3 {[%clk 0:29:45]} Ne8 {[%clk 0:12:47]} 32.
Kf1 {[%clk 0:27:51]} Nd6 {[%clk 0:10:11]} 33. Qa5 {[%clk 0:28:08]} Nf8 {[%clk
0:07:34]} 34. Nf3 {[%clk 0:27:42]} f6 {[%clk 0:07:51]} 35. Nd2 {[%clk 0:27:35]}
Kf7 {[%clk 0:05:49]} 36. Bd1 {[%clk 0:27:19]} Ke7 {[%clk 0:03:05]} 37. Be2 {[%clk
0:25:15]} Nb7 {[%clk 0:02:59]} 38. Qa8 {[%clk 0:23:32]} Nd6 {[%clk 0:03:23]} 39.
Nc2 {[%clk 0:23:30]} Bh3+ {[%clk 0:00:48]} 40. Ke1 {[%clk 0:53:53]} Bc8 {[%clk
0:30:56]} 41. Nb4 {[%clk 0:53:47]} Bb7 {[%clk 0:27:54]} 42. Qb8 {[%clk 0:37:37]}
Qc8 {[%clk 0:22:22]} 43. Qa7 {[%clk 0:37:54]} Nd7 {[%clk 0:21:44]} 44. Bg4 {[%clk
0:36:29]} Qc5 {[%clk 0:19:54]} 45. Qa3 {[%clk 0:36:52]} g6 {[%clk 0:16:16]} 46.
Bxd7 {[%clk 0:34:56]} Kxd7 {[%clk 0:16:45]} 47. Qc1 {[%clk 0:26:51]} f5 {[%clk
0:16:19]} 48. Qb1 {[%clk 0:20:59]} Qa7 {[%clk 0:08:09]} 49. Qc1 {[%clk 0:07:22]}
fxe4 {[%clk 0:07:44]} 50. Nf1 {[%clk 0:07:47]} g5 {[%clk 0:04:22]} 51. Ne3 {[%clk
0:08:00]} h5 {[%clk 0:03:54]} 52. h3 {[%clk 0:07:51]} Kc7 {[%clk 0:03:45]} 53.
Nec2 {[%clk 0:07:52]} e3 {[%clk 0:02:49]} 54. Nxe3 {[%clk 0:07:41]} Bc8 {[%clk
0:02:28]} 55. Nc6 {[%clk 0:06:34]} Qa2 {[%clk 0:02:41]} 56. Nb4 {[%clk 0:06:34]}
Qa7 {[%clk 0:02:37]} 57. Nc6 {[%clk 0:03:11]} Qa2 {[%clk 0:03:05]} 58. Nd1 {[%clk
0:02:10]} Bxh3 {[%clk 0:02:16]} 59. Qxg5 {[%clk 0:02:07]} Nb7 {[%clk 0:01:54]}
60. Qxh5 {[%clk 0:01:52]} Nc5 {[%clk 0:00:33]} 61. Qxe5+ {[%clk 0:01:37]} Kb6
{[%clk 0:00:45]} 62. Qb8+ {[%clk 0:01:25]} Nb7 {[%clk 0:01:13]} 63. Nd8 {[%clk
0:01:43]} Qa7 {[%clk 0:00:42]} 64. Qxb7+ {[%clk 0:01:58]} Qxb7 {[%clk 0:01:11]}
65. Nxb7 {[%clk 0:02:22]} Kxb7 {[%clk 0:01:36]} 66. Ne3 {[%clk 0:02:47]} Kc7
{[%clk 0:01:55]} 67. g4 {[%clk 0:02:47]} Kd6 {[%clk 0:02:22]} 68. f3 {[%clk
0:03:14]} Ke5 {[%clk 0:02:13]} 69. Kf2 {[%clk 0:03:37]} b4 {[%clk 0:02:27]} 70.
cxb4 {[%clk 0:03:53]} c3 {[%clk 0:02:47]} 71. Ke2 {[%clk 0:03:43]} 1-0

[Event "Baku Chess Olympiad | Open"]
[Site "chess24.com"]
[Date "2016.09.12"]
[Round "10"]
[White "Smirnov, Anton"]
[Black "Edouard, Romain"]
[Result "1/2-1/2"]
[Board "3"]
[WhiteID "3208923"]
[WhiteElo "2482"]
[WhiteTitle "IM"]
[WhiteCountry "AUS"]
[WhiteFideId "3208923"]
[WhiteEloChange "2"]
[BlackID "633429"]
[BlackElo "2635"]
[BlackTitle "GM"]
[BlackCountry "FRA"]
[BlackFideId "633429"]
[BlackEloChange "-2"]

1. d4 {[%clk 1:30:44]} d5 {[%clk 1:29:45]} 2. c4 {[%clk 1:31:06]} dxc4 {[%clk
1:30:10]} 3. e4 {[%clk 1:31:26]} Nc6 {[%clk 1:28:50]} 4. Be3 {[%clk 1:25:09]} Nf6
{[%clk 1:26:15]} 5. e5 {[%clk 1:20:31]} Nd5 {[%clk 1:24:33]} 6. Bxc4 {[%clk
1:20:44]} Be6 {[%clk 1:21:00]} 7. Nd2 {[%clk 1:12:23]} f6 {[%clk 1:03:48]} 8.
Ngf3 {[%clk 1:04:14]} fxe5 {[%clk 1:01:37]} 9. O-O {[%clk 1:02:55]} exd4 {[%clk
0:51:55]} 10. Nxd4 {[%clk 0:57:00]} Nxe3 {[%clk 0:42:01]} 11. fxe3 {[%clk
0:49:19]} Nxd4 {[%clk 0:29:26]} 12. Bxe6 {[%clk 0:49:25]} Nxe6 {[%clk 0:28:55]}
13. Qh5+ {[%clk 0:49:47]} g6 {[%clk 0:29:11]} 14. Qe5 {[%clk 0:50:14]} Qd6 {[%clk
0:08:24]} 15. Qxh8 {[%clk 0:50:38]} Qxd2 {[%clk 0:06:51]} 16. Qg8 {[%clk
0:50:44]} Qxe3+ {[%clk 0:06:45]} 17. Kh1 {[%clk 0:51:12]} Nf4 {[%clk 0:07:02]}
18. Qc4 {[%clk 0:51:33]} Bh6 {[%clk 0:03:33]} 19. Qg8+ {[%clk 0:51:57]} Bf8
{[%clk 0:04:00]} 20. Qc4 {[%clk 0:52:19]} Bh6 {[%clk 0:04:18]} 21. Qg8+ {[%clk
0:46:03]} Bf8 {[%clk 0:04:18]} 1/2-1/2

[Event "Baku Chess Olympiad | Open"]
[Site "chess24.com"]
[Date "2016.09.12"]
[Round "10"]
[White "Fressinet, Laurent"]
[Black "Illingworth, Max"]
[Result "1/2-1/2"]
[Board "4"]
[WhiteID "608742"]
[WhiteElo "2664"]
[WhiteTitle "GM"]
[WhiteCountry "FRA"]
[WhiteFideId "608742"]
[WhiteEloChange "-3"]
[BlackID "3205207"]
[BlackElo "2458"]
[BlackTitle "GM"]
[BlackCountry "AUS"]
[BlackFideId "3205207"]
[BlackEloChange "3"]

1. d4 {[%clk 1:30:42]} d5 {[%clk 1:30:55]} 2. Nf3 {[%clk 1:30:48]} Nf6 {[%clk
1:31:18]} 3. c4 {[%clk 1:31:10]} e6 {[%clk 1:31:43]} 4. Nc3 {[%clk 1:31:20]} Be7
{[%clk 1:32:08]} 5. Bf4 {[%clk 1:31:07]} O-O {[%clk 1:32:30]} 6. e3 {[%clk
1:31:32]} Nbd7 {[%clk 1:32:49]} 7. Be2 {[%clk 1:31:53]} dxc4 {[%clk 1:32:38]} 8.
O-O {[%clk 1:31:59]} c5 {[%clk 1:29:49]} 9. dxc5 {[%clk 1:29:30]} Nxc5 {[%clk
1:29:49]} 10. Bxc4 {[%clk 1:29:08]} Qxd1 {[%clk 1:26:15]} 11. Rfxd1 {[%clk
1:28:55]} b6 {[%clk 1:24:24]} 12. Nd4 {[%clk 1:17:03]} Bb7 {[%clk 1:24:18]} 13.
Rac1 {[%clk 1:04:32]} Rfd8 {[%clk 1:18:35]} 14. Be2 {[%clk 0:58:15]} Kf8 {[%clk
1:07:41]} 15. Bf3 {[%clk 0:46:54]} Bxf3 {[%clk 1:05:15]} 16. gxf3 {[%clk
0:43:02]} Rdc8 {[%clk 0:56:44]} 17. Ncb5 {[%clk 0:37:17]} Nd5 {[%clk 0:55:35]}
18. Bg3 {[%clk 0:35:34]} h5 {[%clk 0:50:21]} 19. h3 {[%clk 0:28:54]} g5 {[%clk
0:42:01]} 20. a3 {[%clk 0:24:29]} a6 {[%clk 0:38:15]} 21. Nd6 {[%clk 0:24:32]}
Rd8 {[%clk 0:36:00]} 22. Nc4 {[%clk 0:22:56]} b5 {[%clk 0:30:25]} 23. Ne5 {[%clk
0:22:44]} Na4 {[%clk 0:30:02]} 24. Rc2 {[%clk 0:22:30]} h4 {[%clk 0:23:55]} 25.
Bh2 {[%clk 0:22:48]} Rac8 {[%clk 0:23:15]} 26. Ndc6 {[%clk 0:19:37]} Re8 {[%clk
0:18:09]} 27. Rdc1 {[%clk 0:16:21]} Kg7 {[%clk 0:15:05]} 28. e4 {[%clk 0:14:50]}
Nf4 {[%clk 0:12:59]} 29. Bxf4 {[%clk 0:13:59]} gxf4 {[%clk 0:13:25]} 30. Nxe7
{[%clk 0:10:08]} Rxc2 {[%clk 0:13:49]} 31. Rxc2 {[%clk 0:10:34]} Rxe7 {[%clk
0:14:15]} 32. b3 {[%clk 0:10:59]} Nb6 {[%clk 0:14:40]} 33. Rc6 {[%clk 0:11:25]}
Rb7 {[%clk 0:14:25]} 34. Nd3 {[%clk 0:11:47]} a5 {[%clk 0:13:18]} 35. Nxf4 {[%clk
0:10:03]} a4 {[%clk 0:13:27]} 36. bxa4 {[%clk 0:10:24]} Nxa4 {[%clk 0:12:54]} 37.
Nd3 {[%clk 0:08:19]} Rd7 {[%clk 0:12:48]} 38. Ne5 {[%clk 0:08:30]} Ra7 {[%clk
0:11:49]} 39. Kg2 {[%clk 0:03:06]} Nb2 {[%clk 0:10:39]} 40. Rc2 {[%clk 0:31:17]}
Nc4 {[%clk 0:32:41]} 41. Nxc4 {[%clk 0:29:47]} bxc4 {[%clk 0:32:06]} 42. Rxc4
{[%clk 0:22:36]} Rxa3 {[%clk 0:32:14]} 43. e5 {[%clk 0:23:02]} Kg6 {[%clk
0:31:36]} 44. Rxh4 {[%clk 0:19:22]} Kf5 {[%clk 0:32:00]} 45. f4 {[%clk 0:17:55]}
Ra7 {[%clk 0:28:00]} 46. Kg3 {[%clk 0:16:25]} f6 {[%clk 0:26:20]} 47. Rh5+ {[%clk
0:14:58]} Kg6 {[%clk 0:26:43]} 48. Rh8 {[%clk 0:09:53]} Ra5 {[%clk 0:22:23]} 49.
exf6 {[%clk 0:06:38]} Kxf6 {[%clk 0:22:39]} 50. Rh6+ {[%clk 0:05:48]} Kf7 {[%clk
0:23:02]} 51. h4 {[%clk 0:05:31]} Ra1 {[%clk 0:23:11]} 52. Rh5 {[%clk 0:05:48]}
Kf6 {[%clk 0:20:52]} 53. Rg5 {[%clk 0:05:35]} Rh1 {[%clk 0:19:40]} 54. Re5 {[%clk
0:05:44]} Ra1 {[%clk 0:19:25]} 55. Re2 {[%clk 0:05:24]} Rg1+ {[%clk 0:17:55]} 56.
Kf3 {[%clk 0:05:25]} Rh1 {[%clk 0:17:57]} 57. Kg4 {[%clk 0:05:51]} Rg1+ {[%clk
0:17:20]} 58. Kh3 {[%clk 0:05:53]} Rh1+ {[%clk 0:17:35]} 59. Kg4 {[%clk 0:05:32]}
Rg1+ {[%clk 0:17:08]} 60. Kf3 {[%clk 0:05:28]} Rh1 {[%clk 0:17:04]} 61. Kg3
{[%clk 0:05:54]} Rg1+ {[%clk 0:16:41]} 62. Kh2 {[%clk 0:06:18]} Rg4 {[%clk
0:16:41]} 63. Kh3 {[%clk 0:06:44]} Rxf4 {[%clk 0:17:02]} 64. Kg3 {[%clk 0:07:09]}
Ra4 {[%clk 0:14:30]} 65. f3 {[%clk 0:07:33]} Kf5 {[%clk 0:12:00]} 66. h5 {[%clk
0:06:54]} Kg5 {[%clk 0:08:46]} 67. Re5+ {[%clk 0:06:46]} Kf6 {[%clk 0:05:44]} 68.
Re1 {[%clk 0:06:52]} Kg5 {[%clk 0:06:01]} 69. Rh1 {[%clk 0:07:16]} Kh6 {[%clk
0:05:48]} 70. Re1 {[%clk 0:05:48]} Kxh5 {[%clk 0:05:22]} 71. Rxe6 {[%clk
0:06:12]} Kg5 {[%clk 0:05:44]} 72. Re8 {[%clk 0:06:29]} Ra1 {[%clk 0:04:53]} 73.
f4+ {[%clk 0:06:43]} Kf5 {[%clk 0:05:04]} 74. Rf8+ {[%clk 0:06:58]} Kg6 {[%clk
0:05:16]} 1/2-1/2

[Event "Baku Chess Olympiad | Open"]
[Site "chess24.com"]
[Date "2016.09.12"]
[Round "10"]
[White "Fier, Alexandr"]
[Black "Ferreira, Jorge Viterbo"]
[Result "1-0"]
[Board "1"]
[WhiteID "2107139"]
[WhiteElo "2634"]
[WhiteTitle "GM"]
[WhiteCountry "BRA"]
[WhiteFideId "2107139"]
[WhiteEloChange "3"]
[BlackID "1910850"]
[BlackElo "2511"]
[BlackTitle "IM"]
[BlackCountry "POR"]
[BlackFideId "1910850"]
[BlackEloChange "-3"]

1. d4 {[%clk 1:30:57]} Nf6 {[%clk 1:30:42]} 2. c4 {[%clk 1:31:23]} e6 {[%clk
1:30:59]} 3. Nf3 {[%clk 1:31:50]} Bb4+ {[%clk 1:30:59]} 4. Bd2 {[%clk 1:31:50]}
a5 {[%clk 1:30:59]} 5. g3 {[%clk 1:31:50]} d6 {[%clk 1:30:59]} 6. Bg2 {[%clk
1:31:50]} Nbd7 {[%clk 1:30:59]} 7. O-O {[%clk 1:31:50]} e5 {[%clk 1:30:59]} 8.
Be3 {[%clk 1:31:50]} exd4 {[%clk 1:30:59]} 9. Bxd4 {[%clk 1:31:50]} O-O {[%clk
1:30:59]} 10. Nc3 {[%clk 1:31:50]} Bc5 {[%clk 1:30:59]} 11. Qc2 {[%clk 1:31:50]}
Bxd4 {[%clk 1:30:59]} 12. Nxd4 {[%clk 1:31:50]} Ne5 {[%clk 1:30:59]} 13. b3
{[%clk 1:31:50]} c6 {[%clk 1:30:59]} 14. Rad1 {[%clk 1:31:50]} Qc7 {[%clk
1:30:59]} 15. h3 {[%clk 1:31:50]} Bd7 {[%clk 1:30:59]} 16. Rd2 {[%clk 1:31:50]}
Rad8 {[%clk 1:30:59]} 17. Rfd1 {[%clk 1:31:50]} Rfe8 {[%clk 1:30:59]} 18. Qb2
{[%clk 1:31:50]} Ng6 {[%clk 1:30:59]} 19. Nc2 {[%clk 1:31:50]} Bf5 {[%clk
1:30:59]} 20. Ne3 {[%clk 1:31:50]} Rxe3 {[%clk 1:30:59]} 21. fxe3 {[%clk
1:31:50]} d5 {[%clk 1:30:59]} 22. e4 {[%clk 1:31:50]} Bxh3 {[%clk 1:30:59]} 23.
Rd3 {[%clk 1:31:50]} Bxg2 {[%clk 1:30:59]} 24. Kxg2 {[%clk 1:31:50]} Ne5 {[%clk
1:30:59]} 25. Rd4 {[%clk 1:31:50]} Neg4 {[%clk 1:30:59]} 26. Qd2 {[%clk 1:31:50]}
Qe5 {[%clk 1:30:59]} 27. cxd5 {[%clk 1:31:50]} cxd5 {[%clk 1:30:59]} 28. Rd3
{[%clk 1:31:50]} Re8 {[%clk 1:30:59]} 29. Qf4 {[%clk 1:31:50]} Qxf4 {[%clk
1:30:59]} 30. gxf4 {[%clk 1:31:50]} d4 {[%clk 1:30:59]} 31. Rxd4 {[%clk 1:31:50]}
Ne3+ {[%clk 1:30:59]} 32. Kf3 {[%clk 1:31:50]} Nxd1 {[%clk 1:30:59]} 33. Rxd1
{[%clk 1:31:50]} h5 {[%clk 1:30:59]} 34. e5 {[%clk 1:31:50]} Rc8 {[%clk 1:30:59]}
35. Nb5 {[%clk 1:31:50]} Ng4 {[%clk 1:30:59]} 36. Rd7 {[%clk 1:31:50]} Rc2 {[%clk
1:30:59]} 37. Rxb7 {[%clk 1:31:50]} Rxa2 {[%clk 1:30:59]} 38. Nd6 {[%clk
1:31:50]} Nh2+ {[%clk 1:30:59]} 39. Kg3 {[%clk 1:31:50]} Rxe2 {[%clk 1:30:59]}
40. Nxf7 {[%clk 1:31:50]} Ng4 {[%clk 1:30:59]} 41. Kh4 {[%clk 1:31:50]} Ne3
{[%clk 1:30:59]} 42. Kxh5 {[%clk 1:31:50]} Nd5 {[%clk 1:30:59]} 43. f5 {[%clk
1:31:50]} Rf2 {[%clk 1:30:59]} 44. Kg5 {[%clk 1:31:50]} Rg2+ {[%clk 1:30:59]} 45.
Kh4 {[%clk 1:31:50]} Ne3 {[%clk 1:30:59]} 46. Nd6 {[%clk 1:31:50]} Rg4+ {[%clk
1:30:59]} 47. Kh3 {[%clk 1:31:50]} Rd4 {[%clk 1:30:59]} 48. Kg3 {[%clk 1:31:50]}
Rb4 {[%clk 1:30:59]} 49. Ra7 {[%clk 1:31:50]} Rxb3 {[%clk 1:30:59]} 50. Kf4
{[%clk 1:31:50]} Ng2+ {[%clk 1:30:59]} 51. Ke4 {[%clk 1:31:50]} Rb4+ {[%clk
1:30:59]} 52. Kd5 {[%clk 1:31:50]} Nf4+ {[%clk 1:30:59]} 53. Kc6 {[%clk 1:31:50]}
Rb8 {[%clk 1:30:59]} 54. e6 {[%clk 1:31:50]} Nh5 {[%clk 1:30:59]} 55. Kc7 {[%clk
1:31:50]} Rb1 {[%clk 1:30:59]} 56. Ra8+ {[%clk 1:31:50]} Kh7 {[%clk 1:30:59]} 57.
e7 {[%clk 1:31:50]} Nf6 {[%clk 1:30:59]} 58. e8Q {[%clk 1:31:50]} Nxe8+ {[%clk
1:30:59]} 59. Rxe8 {[%clk 1:31:50]} Rf1 {[%clk 1:30:59]} 60. Re2 {[%clk 1:31:50]}
Kg8 {[%clk 1:30:59]} 61. Ra2 {[%clk 1:31:50]} Kh7 {[%clk 1:30:59]} 62. Kd7 {[%clk
1:31:50]} Rf4 {[%clk 1:30:59]} 63. Ke6 {[%clk 1:31:50]} a4 {[%clk 1:30:59]} 64.
Kf7 {[%clk 1:31:50]} Rh4 {[%clk 1:30:59]} 65. Rg2 {[%clk 1:31:50]} a3 {[%clk
1:30:59]} 66. Rxg7+ {[%clk 1:31:50]} Kh6 {[%clk 1:30:59]} 67. Rg2 {[%clk
1:31:50]} Ra4 {[%clk 1:30:59]} 68. Ra2 {[%clk 1:31:50]} Kg5 {[%clk 1:30:59]} 69.
Ke6 {[%clk 1:31:50]} Ra6 {[%clk 1:30:59]} 70. f6 {[%clk 1:31:50]} Kg6 {[%clk
1:30:59]} 71. f7 {[%clk 1:31:50]} Ra8 {[%clk 1:30:59]} 72. Rxa3 {[%clk 1:31:50]}
1-0

[Event "Baku Chess Olympiad | Open"]
[Site "chess24.com"]
[Date "2016.09.12"]
[Round "10"]
[White "Galego, Luis"]
[Black "Leitao, Rafael"]
[Result "1/2-1/2"]
[Board "2"]
[WhiteID "1900072"]
[WhiteElo "2458"]
[WhiteTitle "GM"]
[WhiteCountry "POR"]
[WhiteFideId "1900072"]
[WhiteEloChange "2"]
[BlackID "2101246"]
[BlackElo "2616"]
[BlackTitle "GM"]
[BlackCountry "BRA"]
[BlackFideId "2101246"]
[BlackEloChange "-2"]

1. e4 {[%clk 1:30:40]} c5 {[%clk 1:30:45]} 2. Nf3 {[%clk 1:29:43]} d6 {[%clk
1:30:17]} 3. Bb5+ {[%clk 1:29:43]} Nd7 {[%clk 1:30:17]} 4. c3 {[%clk 1:22:20]}
Nf6 {[%clk 1:28:20]} 5. d3 {[%clk 1:20:06]} g6 {[%clk 1:27:02]} 6. O-O {[%clk
1:14:01]} Bg7 {[%clk 1:27:16]} 7. Nbd2 {[%clk 1:14:09]} a6 {[%clk 1:25:08]} 8.
Ba4 {[%clk 1:14:25]} b5 {[%clk 1:25:22]} 9. Bb3 {[%clk 1:08:40]} O-O {[%clk
1:25:02]} 10. d4 {[%clk 1:03:33]} cxd4 {[%clk 1:18:05]} 11. cxd4 {[%clk 0:59:03]}
e5 {[%clk 1:15:56]} 12. d5 {[%clk 0:53:18]} a5 {[%clk 1:04:33]} 13. Bc2 {[%clk
0:52:48]} Ba6 {[%clk 0:58:12]} 14. Re1 {[%clk 0:53:05]} Qc7 {[%clk 0:57:04]} 15.
Nf1 {[%clk 0:43:26]} Rfc8 {[%clk 0:56:37]} 16. Bb1 {[%clk 0:43:15]} Nc5 {[%clk
0:52:07]} 17. Ng3 {[%clk 0:35:20]} b4 {[%clk 0:52:00]} 18. h3 {[%clk 0:29:08]}
Qb7 {[%clk 0:43:47]} 19. Be3 {[%clk 0:28:27]} Qb5 {[%clk 0:25:13]} 20. Qd2 {[%clk
0:25:21]} Nd3 {[%clk 0:20:57]} 21. Rd1 {[%clk 0:24:55]} Nf4 {[%clk 0:21:24]} 22.
Bxf4 {[%clk 0:22:42]} exf4 {[%clk 0:21:49]} 23. Qxf4 {[%clk 0:23:08]} Qc5 {[%clk
0:20:07]} 24. Bd3 {[%clk 0:23:02]} Bxd3 {[%clk 0:20:06]} 25. Rxd3 {[%clk
0:23:27]} Nd7 {[%clk 0:20:25]} 26. Rd2 {[%clk 0:22:15]} Nb6 {[%clk 0:14:10]} 27.
Rb1 {[%clk 0:17:09]} a4 {[%clk 0:14:30]} 28. b3 {[%clk 0:13:02]} Nd7 {[%clk
0:13:41]} 29. Ne2 {[%clk 0:11:55]} Ne5 {[%clk 0:13:19]} 30. Nxe5 {[%clk 0:09:49]}
Bxe5 {[%clk 0:13:44]} 31. Qf3 {[%clk 0:10:15]} axb3 {[%clk 0:10:53]} 32. axb3
{[%clk 0:10:15]} 1/2-1/2

[Event "Baku Chess Olympiad | Open"]
[Site "chess24.com"]
[Date "2016.09.12"]
[Round "10"]
[White "El Debs, Felipe de Cresce"]
[Black "Damaso, Rui"]
[Result "1/2-1/2"]
[Board "3"]
[WhiteID "2106981"]
[WhiteElo "2523"]
[WhiteTitle "GM"]
[WhiteCountry "BRA"]
[WhiteFideId "2106981"]
[WhiteEloChange "-1"]
[BlackID "1900030"]
[BlackElo "2444"]
[BlackTitle "IM"]
[BlackCountry "POR"]
[BlackFideId "1900030"]
[BlackEloChange "1"]

1. e4 {[%clk 1:30:53]} e5 {[%clk 1:28:49]} 2. Nf3 {[%clk 1:31:07]} Nc6 {[%clk
1:29:15]} 3. d4 {[%clk 1:31:30]} exd4 {[%clk 1:29:34]} 4. Nxd4 {[%clk 1:31:55]}
Bb4+ {[%clk 1:29:34]} 5. c3 {[%clk 1:31:55]} Bc5 {[%clk 1:20:06]} 6. Be3 {[%clk
1:28:27]} Bb6 {[%clk 1:20:09]} 7. Bb5 {[%clk 1:22:35]} Nf6 {[%clk 1:18:19]} 8.
O-O {[%clk 1:21:56]} O-O {[%clk 1:16:07]} 9. Nd2 {[%clk 1:20:17]} Nxd4 {[%clk
0:51:47]} 10. Bxd4 {[%clk 1:19:39]} c6 {[%clk 0:51:32]} 11. Bd3 {[%clk 1:19:03]}
d6 {[%clk 0:51:34]} 12. Qf3 {[%clk 1:16:13]} Bxd4 {[%clk 0:45:56]} 13. cxd4
{[%clk 1:16:05]} Be6 {[%clk 0:46:19]} 14. e5 {[%clk 1:09:49]} dxe5 {[%clk
0:42:19]} 15. dxe5 {[%clk 1:10:12]} Ng4 {[%clk 0:31:20]} 16. Qe4 {[%clk 1:02:33]}
g6 {[%clk 0:30:37]} 17. Qe2 {[%clk 1:02:52]} Qa5 {[%clk 0:24:35]} 18. Nf3 {[%clk
0:59:45]} Rad8 {[%clk 0:24:12]} 19. h3 {[%clk 0:59:26]} Nh6 {[%clk 0:24:24]} 20.
Bc4 {[%clk 0:54:36]} Nf5 {[%clk 0:19:42]} 21. Rfd1 {[%clk 0:54:31]} Rxd1+ {[%clk
0:16:57]} 22. Rxd1 {[%clk 0:54:53]} Bxc4 {[%clk 0:17:19]} 23. Qxc4 {[%clk
0:55:08]} Rd8 {[%clk 0:17:46]} 24. Rxd8+ {[%clk 0:54:09]} Qxd8 {[%clk 0:18:12]}
25. g4 {[%clk 0:53:56]} Ng7 {[%clk 0:16:24]} 26. Nd4 {[%clk 0:48:42]} Qa5 {[%clk
0:14:54]} 27. Nf3 {[%clk 0:48:31]} Ne6 {[%clk 0:14:58]} 28. a3 {[%clk 0:48:12]}
Qd8 {[%clk 0:14:28]} 29. h4 {[%clk 0:47:01]} Qd7 {[%clk 0:09:25]} 30. Kg2 {[%clk
0:45:35]} c5 {[%clk 0:09:04]} 31. Qe4 {[%clk 0:42:39]} Kg7 {[%clk 0:07:30]} 32.
Ng5 {[%clk 0:41:46]} b5 {[%clk 0:05:55]} 33. Nxe6+ {[%clk 0:40:56]} Qxe6 {[%clk
0:06:14]} 34. Kg3 {[%clk 0:39:02]} h6 {[%clk 0:06:24]} 35. Qe3 {[%clk 0:35:07]}
Qd5 {[%clk 0:05:53]} 36. f4 {[%clk 0:35:02]} f5 {[%clk 0:03:42]} 37. gxf5 {[%clk
0:30:23]} gxf5 {[%clk 0:04:06]} 38. b4 {[%clk 0:28:33]} c4 {[%clk 0:01:57]} 39.
Qxa7+ {[%clk 0:27:32]} Kf8 {[%clk 0:01:26]} 40. Qb8+ {[%clk 0:56:28]} Kf7 {[%clk
0:31:27]} 41. Qc7+ {[%clk 0:56:04]} Kg6 {[%clk 0:25:16]} 42. Qb6+ {[%clk
0:55:30]} Kh7 {[%clk 0:25:18]} 43. h5 {[%clk 0:48:40]} Qg8+ {[%clk 0:21:07]} 44.
Kf2 {[%clk 0:48:05]} Qg4 {[%clk 0:12:02]} 45. Qb7+ {[%clk 0:41:26]} Kg8 {[%clk
0:10:24]} 46. Qf3 {[%clk 0:40:55]} Kf8 {[%clk 0:09:28]} 47. Ke3 {[%clk 0:39:48]}
Qg1+ {[%clk 0:08:19]} 48. Ke2 {[%clk 0:38:53]} Qg4 {[%clk 0:08:35]} 49. Ke3
{[%clk 0:37:28]} Qg1+ {[%clk 0:08:56]} 50. Kd2 {[%clk 0:32:16]} Qb1 {[%clk
0:08:56]} 51. Qa8+ {[%clk 0:30:00]} Kg7 {[%clk 0:08:57]} 52. Qb7+ {[%clk
0:30:19]} Kf8 {[%clk 0:08:31]} 53. Qb8+ {[%clk 0:30:39]} Kf7 {[%clk 0:07:43]} 54.
Qc7+ {[%clk 0:30:04]} Ke8 {[%clk 0:07:02]} 55. Qc6+ {[%clk 0:30:17]} Ke7 {[%clk
0:06:44]} 56. Qc5+ {[%clk 0:29:25]} Kf7 {[%clk 0:06:59]} 57. Qc7+ {[%clk
0:27:53]} Ke8 {[%clk 0:07:03]} 58. Qc6+ {[%clk 0:28:05]} Ke7 {[%clk 0:07:23]} 59.
Qb7+ {[%clk 0:28:08]} Kf8 {[%clk 0:07:34]} 60. Qa8+ {[%clk 0:28:22]} Ke7 {[%clk
0:07:50]} 61. Qa7+ {[%clk 0:28:42]} Ke8 {[%clk 0:07:47]} 62. Qa8+ {[%clk
0:27:49]} Ke7 {[%clk 0:07:49]} 63. Qb7+ {[%clk 0:26:58]} 1/2-1/2